Central Library OPAC University of Rajshahi

The decline and fall of the Roman Empire / (Record no. 24432)

MARC details
000 -LEADER
fixed length control field 00866cam a2200265u 4500
001 - CONTROL NUMBER
control field 24432
003 - CONTROL NUMBER IDENTIFIER
rucl marc code BD-RjUL
005 - DATE AND TIME OF LATEST TRANSACTION
control field 20211209001041.0
008 - FIXED-LENGTH DATA ELEMENTS--GENERAL INFORMATION
fixed length control field 140313s1962 nyub 001 0 eng d
035 ## - SYSTEM CONTROL NUMBER
System control number (BD-RjUL)24498
040 ## - CATALOGING SOURCE
Original cataloging agency DLC
Transcribing agency CarP
Modifying agency DLC
-- BD-RjUL
Language of cataloging eng
041 ## - LANGUAGE CODE
Language code of text/sound track or separate title eng
082 00 - DEWEY DECIMAL CLASSIFICATION NUMBER
Classification number 937.09
Author mark and year GID V-2 1962
100 1# - MAIN ENTRY--PERSONAL NAME
Personal name Gibbon, Edward,
Dates associated with a name 1737-1794.
9 (RLIN) 75212
245 14 - TITLE STATEMENT
Title The decline and fall of the Roman Empire /
Statement of responsibility, etc. Edward Gibbon,
Number of part/section of a work Volume Two
260 ## - PUBLICATION, DISTRIBUTION, ETC. (IMPRINT)
Place of publication, distribution, etc. New York :
Name of publisher, distributor, etc. Twayne Publishers,
Date of publication, distribution, etc. 1962
300 ## - PHYSICAL DESCRIPTION
Pagination xxxvii, 823p. :
Illustrations map. ;
Size 22 cm.
504 ## - BIBLIOGRAPHY, ETC. NOTE
Bibliography, etc Includes Index
651 #0 - SUBJECT ADDED ENTRY--GEOGRAPHIC NAME
Geographic name Rome
General subdivision History
Chronological subdivision Empire, 30 B.C.-476 A.D.
9 (RLIN) 72441
Geographic name Byzantine Empire
General subdivision History.
9 (RLIN) 73057
942 ## - ADDED ENTRY ELEMENTS (KOHA)
Source of classification or shelving scheme Dewey Decimal Classification
Koha item type Books
Holdings
Lost status Source of classification or shelving scheme Damaged status Not for loan Collection code Permanent Location Current Location Shelving location Date acquired Source of acquisition Total Checkouts Full call number Date last seen Copy number Koha item type
  Dewey Decimal Classification   Added to bundle Non-fiction Central Library, University of Rajshahi Central Library, University of Rajshahi Reading Room 01/11/1990 Shawkat Osman Gift   937.09 GID V-2 1962 13/03/2014 C-1 Books